| 000 | 00783nam a2200265 i 4500 | ||
|---|---|---|---|
| 001 | C2-0341338 | ||
| 003 | PPAK | ||
| 005 | 20180728143040.0 | ||
| 008 | 170314s2014 my a|||| ||||| | may d | ||
| 020 | _a9789831249185 | ||
| 040 |
_aPPAK _beng _cPPAK _erda |
||
| 082 | 0 | 4 |
_a746.0463 _223 |
| 090 | 0 | 0 |
_a746.0463 _bIDD _dR |
| 100 | 0 |
_aIdda Marlina Sukiman, _d1987- _eauthor |
|
| 245 | 1 | 0 | _aVariasi comelnya felt |
| 264 | 1 |
_aShah Alam, Selangor : _bGrup Buku Karangkraf Sdn. Bhd. , _c2014 |
|
| 300 |
_a155 pages : _bcolour photographs ; _c26 cm |
||
| 336 |
_2rdacontent _atext |
||
| 337 |
_2rdamedia _aunmediated |
||
| 338 |
_2rdacarrier _avolume |
||
| 650 | 1 | 0 | _aFelt work. ; Textile crafts. |
| 700 | _eauthor | ||
| 700 | 0 |
_aNorshawati Che Razali, _eeditor |
|
| 942 |
_ddc _cB |
||
| 999 |
_c138408 _d138408 |
||